00210nam a22000977a 4500003000400000082001900004100001900023245003300042260002900075300000800104SGT a616.0757bA04W aWICKE, LOTHAR  aATLAS OF RADIOLOGIC ANATOMY  aNEW JERSEY bICON c2004 a362